Statistics for Top 50 Artistas - Enrico

Click here to take the quiz!

General Stats

  • This quiz has been taken 5 times
  • The average score is 15 of 50

Answer Stats

PosiçãoStreamsQuem é ela?% Correct
1588Jão
100%
1685Taylor Swift
100%
2647Ariana Grande
75%
3433Billie Eillish
75%
1846Lady Gaga
75%
3328Luisa Sonza
75%
1493Nicki Minaj
75%
2260Rihanna
75%
4283Anitta
50%
4223Blessed Madonna
50%
8131Demi Lovato
50%
3136Dua Lipa
50%
5153Lana Del Rey
50%
2554Madonna
50%
2161Olivia Rodrigo
50%
2455Sam Smith
50%
10124The Weeknd
50%
1773Valeria Almeida
50%
3728Cher
25%
3529Gisele Bündchen
25%
2357Ice Spice
25%
11107Iggy Azalea
25%
12106Justin Bieber
25%
9130Melanie Martinez
25%
2621Miley Cyrus
25%
3335Panic! At The Disco
25%
4921Paramore
25%
5021Paris Hilton
25%
4821Pink
25%
6145Tove Lo
25%
7132Troye Sivan
25%
1966Addison Rae
0%
4422Austin Mahone
0%
1396Ava Max
0%
3235Borgore
0%
1872Carly Rae Jepsen
0%
3924Dolly Parton
0%
2741Green Day
0%
2061Hooverphonic
0%
4621Jennifer Lopez
0%
4024John Mayer
0%
4522Kim Petras
0%
4323Linkin Park
0%
3038Marina
0%
3825Mc Pipokinha
0%
4721Melody
0%
3629Princess Chelsea
0%
4124Rina Sawayama
0%
2838Slayyter
0%
2938The Strokes
0%

Score Distribution

Percentile by Number Answered

Percent of People with Each Score

Your Score History

You have not taken this quiz